| 000 | 00898nam a2200253 i 4500 | ||
|---|---|---|---|
| 003 | DO-SdBNP | ||
| 005 | 20240521133349.0 | ||
| 007 | ta | ||
| 008 | 240521e2017 dr adc|gryt|| 001 0 spa d | ||
| 040 |
_aDO-SdBNP _bspa _cBNPHU _erda |
||
| 082 | 4 |
_bF585 _a22 |
|
| 110 |
_aFacultad Latinoamericana de Ciencias Sociales (FLACSO) _9294 |
||
| 245 | 1 | 0 |
_aMemorias de gestión : _b2016 / |
| 264 |
_aSanto Domingo : _bFLACSO, _c2017 |
||
| 300 |
_a30 páginas : _bilustraciones, gráficas., retratos. ; _c28 cm. |
||
| 336 |
_2rdacontent _atexto _btxt |
||
| 337 |
_2rdamedia _asin mediación _bn |
||
| 338 |
_2rdacarrier _avolumen _bnc |
||
| 590 | _aInventariado 2024 / YL | ||
| 650 | 4 |
_aOrganizaciones sin ánimo de lucro _xCorrespondencia, Memorias, etc. _956956 |
|
| 651 | 4 |
_aParticipación Ciudadana (República Dominicana) _xCorrespondencia, Memorias, etc. _985523 |
|
| 910 | _aYLockward | ||
| 942 |
_2ddc _cLF2 |
||
| 999 |
_c56711 _d56711 |
||